[Event "Fyli op 3rd"]
[Site "Fyli"]
[Date "2011.10.14"]
[Round "5"]
[White "Tsoukaraki, Athina"]
[Black "Labrinidis, Evaggelos"]
[Result "1-0"]
[WhiteElo "1481"]
[BlackElo "1000"]
[PlyCount "61"]
[EventDate "2011.09.16"]
[EventType "swiss"]
[EventRounds "7"]
[EventCountry "GRE"]
[SourceTitle "EXT 2013"]
[Source "ChessBase"]
[SourceDate "2012.11.22"]
[SourceVersion "1"]
[SourceVersionDate "2012.11.22"]
[SourceQuality "1"]

1. e4 c6 2. d4 d5 3. e5 Bf5 4. Bf4 e6 5. Nf3 c5 6. c3 Nc6 7. Bb5 Qb6 8. Qa4 Nge7 9. Nbd2 Ng6 10. Bg3 Be7 11. Nb3 Bc2 12. Rc1 Bxb3 13. axb3 0-0 14. Bxc6 bxc6 15. 0-0 Rfb8 16. Rb1 a5 17. Rfc1 Qb5 18. Rc2 Qxb3 19. Qxb3 Rxb3 20. c4 cxd4 21. Nxd4 Rb6 22. c5 Rba6 23. h3 Nf8 24. b4 a4 25. b5 cxb5 26. Nxb5 a3 27. Nc7 a2 28. Ra1 Rb8 29. Nxa6 Rb1+ 30. Rc1 Nd7 31. Rcxb1 1-0